Electronic Measurement and Instrumentation / (Record no. 13819)
[ view plain ]
| 000 -LEADER | |
|---|---|
| fixed length control field | 01223cam a2200313 a 4500 |
| 001 - CONTROL NUMBER | |
| control field | 4925226 |
| 005 - DATE AND TIME OF LATEST TRANSACTION | |
| control field | 20020829200617.0 |
| 008 - FIXED-LENGTH DATA ELEMENTS--GENERAL INFORMATION | |
| fixed length control field | 950515s2010 ii ||| 00| 0 ng d |
| 010 ## - LIBRARY OF CONGRESS CONTROL NUMBER | |
| LC control number | 95022252 |
| 020 ## - INTERNATIONAL STANDARD BOOK NUMBER | |
| International Standard Book Number | 9788189757724 |
| 040 ## - CATALOGING SOURCE | |
| Original cataloging agency | DLC |
| Transcribing agency | DLC |
| Modifying agency | DLC |
| 041 1# - LANGUAGE CODE | |
| Language code of text/sound track or separate title | eng |
| Language code of original and/or intermediate translations of text | dut |
| 050 00 - LIBRARY OF CONGRESS CALL NUMBER | |
| Classification number | TK7878 |
| Item number | .K51713 1996 |
| 082 00 - DEWEY DECIMAL CLASSIFICATION NUMBER | |
| Edition number | 22 |
| Classification number | 621.381548 |
| Item number | GUP |
| 100 1# - MAIN ENTRY--PERSONAL NAME | |
| Personal name | Gupta, J. B. |
| 9 (RLIN) | 13271 |
| 240 10 - UNIFORM TITLE | |
| Uniform title | <a href="Elektrotechnisch meten.">Elektrotechnisch meten.</a> |
| Language of a work | English |
| 245 10 - TITLE STATEMENT | |
| Title | Electronic Measurement and Instrumentation / |
| Statement of responsibility, etc | By J. B. Gupta |
| 250 ## - EDITION STATEMENT | |
| Edition statement | 2nd ed. |
| 260 ## - PUBLICATION, DISTRIBUTION, ETC. (IMPRINT) | |
| Place of publication, distribution, etc | New Delhi: |
| Name of publisher, distributor, etc | S. K. Kataria & Sons, 2010 |
| Date of publication, distribution, etc | 2010 |
| 300 ## - PHYSICAL DESCRIPTION | |
| Extent | 497 p. : |
| Other physical details | ill. ; |
| Dimensions | 24 cm. |
| 504 ## - BIBLIOGRAPHY, ETC. NOTE | |
| Bibliography, etc | Includes index. |
| 650 #0 - SUBJECT ADDED ENTRY--TOPICAL TERM | |
| Topical term or geographic name as entry element | Electronic measurements. |
| 9 (RLIN) | 9272 |
| 650 #0 - SUBJECT ADDED ENTRY--TOPICAL TERM | |
| Topical term or geographic name as entry element | Electronic instruments. |
| 9 (RLIN) | 9273 |
| 856 42 - ELECTRONIC LOCATION AND ACCESS | |
| Uniform Resource Identifier | <a href="http://www.loc.gov/catdir/description/cam027/95022252.html">http://www.loc.gov/catdir/description/cam027/95022252.html</a> |
| 856 41 - ELECTRONIC LOCATION AND ACCESS | |
| Uniform Resource Identifier | <a href="http://www.loc.gov/catdir/toc/cam026/95022252.html">http://www.loc.gov/catdir/toc/cam026/95022252.html</a> |
| 942 ## - ADDED ENTRY ELEMENTS (KOHA) | |
| Source of classification or shelving scheme | Dewey Decimal Classification |
| Item type | Book - Borrowing |
| Withdrawn status | Item status | Source of classification or shelving scheme | Damaged status | Not for loan | Vendor | Home library | Current library | Shelving location | Date acquired | Source of acquisition | Cost, normal purchase price | Serial Enumeration / chronology | Total Checkouts | Total Renewals | Full call number | Barcode | Date last seen | Date last borrowed | Koha item type |
|---|---|---|---|---|---|---|---|---|---|---|---|---|---|---|---|---|---|---|---|
| Dewey Decimal Classification | Alahram | Central Library | Central Library | First floor | 29/03/2010 | 74.50 | 29 | 1 | 17 | 621.381548 GUP | 000020537 | 15/07/2025 | 05/12/2018 | Book - Borrowing |